000 00413nam a22001697a 4500
003 NUST - PNEC
005 20170116181018.0
008 150915b xxu||||| |||| 00| 0 eng d
020 _a-
040 _cLIBRARY
082 _a621.4 DUF
100 _910496
_aDuffy, Joseph W.
245 _aPower: Prime mover of technology
_cJoseph W. Duffy
260 _cc.1964
650 _910499
_aPower
_xME
942 _2ddc
_cBK
999 _c67315
_d67315